| 000 | 00645nam a2200205Ii 4500 | ||
|---|---|---|---|
| 003 | JO-AjNU | ||
| 008 | 230605s9999||||xx |||||||||||||| ||und|| | ||
| 040 |
_aJO-AjNU _bara _erda _cJO-AjNU |
||
| 041 | _aara | ||
| 050 | 1 | 4 | _aKMU394.6.F3288.1963 |
| 100 | 3 |
_a الفاضل، محمد , _eauthor _940988 |
|
| 245 | 0 | 0 | _aالمبادئ العامة في قانون العقوبات |
| 250 | _aط2 | ||
| 264 | 3 | 1 | _aد ، م : د ، ن ، 1963 |
| 300 | _a514ص | ||
| 336 |
_atext _btxt _2rdacontent |
||
| 337 |
_aunmediated _bn _2rdamedia |
||
| 338 |
_avolume _bnc _2rdacarrier |
||
| 650 | 4 |
_aقانون عقوبات -- مبادئ عامة _940989 |
|
| 999 |
_aA17438 _c21006 _d21006 |
||